Normal view
MARC view
Entry Personal Name
001 - CONTROL NUMBER
- control field: 31565
003 - CONTROL NUMBER IDENTIFIER
- control field: dpl
005 - DATE AND TIME OF LATEST TRANSACTION
- control field: 20110805122953.0
008 - FIXED-LENGTH DATA ELEMENTS
- fixed length control field: 110805|||a|||||| | ||| d
040 ## - CATALOGING SOURCE
- Original cataloging agency: dpl
- Transcribing agency: dpl
100 ## - HEADING--PERSONAL NAME
- Personal name: वत्स, श्रीनिवास
670 ## - SOURCE DATA FOUND
- Source citation: Work cat.: (dpl)50714: वत्स, श्रीनिवास, गुल्लू और एक सतरंगी /, 2010
670 ## - SOURCE DATA FOUND
- Source citation: Work cat.: (dpl)50714: वत्स, श्रीनिवास, गुल्लू और एक सतरंगी /, 2010
